Ciencias naturales : quinto grado /

Libro de texto de primaria para ciencias naturales, que a partir del tercer grado de educación básica se inicia como un estudio sistemático y que pone énfasis en el fomento de una cultura de prevención, tanto para aprender a cuidar la salud como para proteger el ambiente y hacer uso racional de los...

Whakaahuatanga katoa

I tiakina i:
Ngā taipitopito rārangi puna kōrero
Ngā kaituhi rangatōpū: México. Secretaría de Educación Pública, Comisión Nacional de Libros de Texto Gratuitos (México)
Hōputu: Pukapuka
Reo:Pāniora
I whakaputaina: México : Secretaría de Educación Pública, Subsecretaría de Educación Básica y Normal : Comisión Nacional de Libros de Texto Gratuitos, 2004, c1998
Putanga:3a edición
Ngā marau:
Ngā Tūtohu: Tāpirihia he Tūtohu
Kāore He Tūtohu, Me noho koe te mea tuatahi ki te tūtohu i tēnei pūkete!

MARC

LEADER 00000nam^a2200000^a^4500
001 000181603
005 20250521000000.0
009 20260310101939.269
020 |a 970-18-5700-3 
037 |a Acervo ITESO - Biblioteca 
041 |a ESP 
082 |a 371. 32  |b TEX PRI-5 NAT 
110 |a México.  |b Secretaría de Educación Pública 
240 1 1 |a [Primaria: libros de texto gratuito] 
245 1 0 |a Ciencias naturales :  |b quinto grado /  |c SEP. 
250 |a 3a edición 
264 4 |a México :  |b Secretaría de Educación Pública, Subsecretaría de Educación Básica y Normal :  |b Comisión Nacional de Libros de Texto Gratuitos,  |c 2004, c1998 
300 |a 175 p. 
336 |a texto  |b txt  |2 rdacontenido 
337 |a sin mediación  |b n  |2 rdamedio 
338 |a volumen  |b nc  |2 rdasoporte 
520 |a Libro de texto de primaria para ciencias naturales, que a partir del tercer grado de educación básica se inicia como un estudio sistemático y que pone énfasis en el fomento de una cultura de prevención, tanto para aprender a cuidar la salud como para proteger el ambiente y hacer uso racional de los recursos. 
649 |a XX 
650 |a Ciencias Naturales -  |z México -  |x Estudio y Enseñanza -  |x Tema Principal 
650 |a Ciencias Naturales -  |x Generalidades 
650 |a Libros de Texto Gratuitos -  |z México -  |x Tema Principal 
650 |a Educación Primaria -  |z México 
710 |a Comisión Nacional de Libros de Texto Gratuitos (México) 
910 |a Fondo General 
920 |a Impresos - Libros 
930 |a Colección General 
905 |a 101 
901 |a 0500121532  |b IT1  |c ACC  |u 20250521 
901 |a 0500121560  |b IT1  |c ACC  |u 20250521 
902 |a https://opac.biblio.iteso.mx/vufind/Record/000181603